[Event "14th ECC w"]
[Site "Ohrid MKD"]
[Date "2009.10.09"]
[Round "6"]
[White "Iljushina,O"]
[Black "Steil Antoni,F"]
[Result "1/2-1/2"]
[WhiteElo "2364"]
[BlackElo "2152"]
[EventDate "2009.10.04"]

1. d4 d6 2. Nf3 Bg4 3. c4 Nd7 4. Nfd2 e5 5. d5 f5 6. h3 Bh5 7. Nc3 Ngf6 8.
Nb3 Be7 9. Bd2 O-O 10. Qc2 Bg6 11. e3 f4 12. Bd3 Bxd3 13. Qxd3 Nh5 14.
O-O-O a5 15. Be1 a4 16. Nd2 Nc5 17. Qe2 g6 18. g3 fxg3 19. fxg3 Qd7 20. g4
Ng7 21. h4 h6 22. Nde4 Nxe4 23. Nxe4 Rf7 24. Bg3 Raf8 25. Rdg1 Ne8 26. Qc2
b5 27. Nc3 bxc4 28. Nxa4 Nf6 29. Nc3 Nxg4 30. Qxg6+ Rg7 31. Qe4 Qf5 32.
Qxf5 Rxf5 33. e4 Rf3 34. Be1 h5 35. a4 Nf2 36. Bxf2 Rxf2 37. Rxg7+ Kxg7 38.
a5 Rf8 39. Kc2 Ra8 40. Ra1 Bxh4 41. Nb5 Bf2 42. Nxc7 Rc8 43. Nb5 Bc5 44. a6
h4 45. a7 Ra8 46. Kc3 h3 47. Rh1 Bxa7 48. Rxh3 Bc5 49. Rf3 Ra1 50. Kxc4
Ra4+ 51. Kd3 Rb4 52. Nc3 Rxb2 53. Rf1 Bd4 54. Ne2 Bc5 55. Rc1 Rb3+ 56. Rc3
Rb1 57. Ng3 Kf6 58. Nf5 Kg5 59. Ke2 Kf4 60. Rc4 Rb2+ 61. Kd3 Ra2 62. Ng7
Ra3+ 63. Ke2 Bd4 64. Rc6 Kxe4 65. Rxd6 Ra2+ 66. Kf1 Ra1+ 67. Ke2 Ra2+ 68.
Kf1 Kd3 69. Nh5 Ra1+ 70. Kg2 Rg1+ 71. Kh2 Rg5 72. Rh6 e4 73. d6 Be5+ 74.
Kh3 e3 75. d7 Rg8 76. Re6 Bc7 77. Re8 Rg1 78. Nf4+ Kd2 79. d8=Q Bxd8 80.
Rxd8+ Ke1 81. Ng2+ Kf2 82. Rf8+ Ke2 83. Re8 Kd3 84. Rxe3+ Kd4 85. Re8 Rh1+
86. Kg4 Rh7 87. Nf4 Ra7 88. Ne2+ Kd3 89. Ng3 Ra3 90. Nh5 Ra1 91. Kf5 Kd4
92. Re4+ Kc5 93. Ke5 Ra7 94. Nf4 Rh7 95. Ne6+ Kb5 96. Kd6 Rh6 97. Rd4 Rf6
98. Ke5 Rh6 99. Nf4 Rh8 100. Rd1 Rh7 101. Rc1 Rh8 102. Ke4 Rh4 103. Ke3 Rh8
104. Kd3 Rd8+ 105. Ke4 Rh8 106. Nd3 Re8+ 107. Ne5 Rh8 108. Nd7 Rh2 109.
Rb1+ Kc6 110. Ne5+ Kd6 111. Rb6+ Kc5 112. Rc6+ Kb5 113. Rc1 Re2+ 114. Kd4
Rd2+ 115. Nd3 Rh2 116. Kd5 Rh5+ 117. Ne5 Kb4 118. Rc8 Kb3 119. Kd4 Rh4+
120. Kd3 Rh7 121. Nf3 Rh3 122. Ke4 Rh7 123. Kd4 Rd7+ 124. Ke3 Rh7 125. Nd2+
Kb4 126. Ne4 Rh1 127. Kd3 Rd1+ 128. Nd2 Rh1 129. Rc4+ Kb5 130. Kc2 Rh2 131.
Rg4 1/2-1/2

[Event "14th ECC w"]
[Site "Ohrid MKD"]
[Date "2009.10.09"]
[Round "6"]
[White "Henrichs,W"]
[Black "Ushenina,A"]
[Result "1/2-1/2"]
[WhiteElo "2034"]
[BlackElo "2448"]
[EventDate "2009.10.04"]

1. d4 d5 2. c4 dxc4 3. Nf3 Nf6 4. e3 g6 5. Bxc4 Bg7 6. O-O O-O 7. Nc3 Ne8
8. e4 Bg4 9. Be3 Bxf3 10. Qxf3 Bxd4 11. Rad1 c5 12. b4 Nc6 13. bxc5 e5 14.
Bh6 Ng7 15. Nd5 Kh8 16. Nf6 Qe7 17. h4 Qxc5 18. Bd5 Qd6 19. Bg5 Nd8 20. Rd3
Nde6 21. Bxb7 Rab8 22. Bd5 Nc5 23. Rdd1 Rb2 24. Bc1 Rb6 25. Bg5 h6 26. Qh3
Nh5 27. Nxh5 hxg5 28. Ng3 gxh4 29. Qxh4+ Kg7 30. Ne2 Rh8 31. Qg4 f5 32. Qf3
Ne6 33. Bxe6 Qxe6 34. Nxd4 exd4 35. exf5 Qe5 36. Qg3 Qxg3 37. fxg3 gxf5 38.
Rxd4 Kg6 39. Rd5 Rf8 40. a4 Rf7 41. Rf4 Rb1+ 42. Kf2 Rb2+ 43. Kf3 Rb3+ 44.
Kf2 Rb2+ 45. Kf3 Rb3+ 46. Kf2 Rb2+ 47. Kf3 Rb3+ 1/2-1/2

[Event "14th ECC w"]
[Site "Ohrid MKD"]
[Date "2009.10.09"]
[Round "6"]
[White "Kursova,M"]
[Black "Weigel,M"]
[Result "1-0"]
[WhiteElo "2295"]
[BlackElo "1857"]
[EventDate "2009.10.04"]

1. d4 g6 2. Nf3 Bg7 3. c4 d6 4. g3 Nd7 5. Bg2 e5 6. Nc3 Ne7 7. O-O O-O 8.
e4 exd4 9. Nxd4 a5 10. Be3 Nc5 11. Qd2 Re8 12. Rfe1 Bd7 13. Rad1 Nc6 14. b3
Nb4 15. f3 Nbd3 16. Re2 c6 17. Qc2 Nb4 18. Qb1 Qf6 19. a3 Nba6 20. Red2
Rad8 21. Nde2 Bc8 22. b4 axb4 23. axb4 Nd7 24. Rxd6 Qe7 25. Bf2 Be5 26.
R6d2 Nxb4 27. Bh3 Na6 28. Bxd7 Bxd7 29. Qxb7 Nc5 30. Qa7 1-0

[Event "14th ECC w"]
[Site "Ohrid MKD"]
[Date "2009.10.10"]
[Round "7"]
[White "Chelushkina,I"]
[Black "Kosintseva,T"]
[Result "0-1"]
[WhiteElo "2333"]
[BlackElo "2536"]
[EventDate "2009.10.04"]

1. e4 e5 2. Nf3 Nc6 3. d3 Nf6 4. c3 Be7 5. Be2 O-O 6. O-O d5 7. Nbd2 Re8 8.
Re1 a5 9. h3 Bf8 10. Bf1 h6 11. a4 b6 12. exd5 Nxd5 13. Nc4 Qf6 14. d4 e4
15. Nfe5 Bf5 16. Nxc6 Qxc6 17. Qb3 Qf6 18. Bd2 Rad8 19. Rad1 Bh7 20. Ne5 c6
21. Ng4 Qd6 22. Bc1 Qc7 23. Ne3 Bd6 24. Nxd5 cxd5 25. c4 Bb4 26. Re3 dxc4
27. Bxc4 Bg6 28. Rg3 Kh7 29. Bb5 Re7 30. d5 f5 31. Rc3 Bxc3 32. Qxc3 Qd6
33. g3 Be8 34. Bf4 Qc5 35. Qxc5 bxc5 36. Bc4 Bxa4 37. Ra1 Bc2 38. Rxa5 Bd3
39. b3 Rb7 40. Rxc5 Ra8 41. Be5 Bxc4 42. bxc4 e3 0-1

[Event "14th ECC w"]
[Site "Ohrid MKD"]
[Date "2009.10.10"]
[Round "7"]
[White "Petrenko,S"]
[Black "Kosintseva,N"]
[Result "1/2-1/2"]
[WhiteElo "2260"]
[BlackElo "2493"]
[EventDate "2009.10.04"]

1. e4 c5 2. Nf3 d6 3. d4 cxd4 4. Nxd4 Nf6 5. Nc3 Nc6 6. Be2 g6 7. Be3 Bg7
8. O-O O-O 9. Kh1 Bd7 10. Nb3 a6 11. f4 b5 12. a3 Rc8 13. Bf3 Re8 14. h3
Qc7 15. g4 Be6 16. Nd5 Bxd5 17. exd5 Na5 18. Nxa5 Qxa5 19. c3 Nd7 20. g5
Qc7 21. Bg4 Rb8 22. h4 e6 23. dxe6 fxe6 24. h5 Nb6 25. Qd3 Qc4 26. Rad1
Qxd3 27. Rxd3 d5 28. hxg6 hxg6 29. Kg2 Nc4 30. Bc1 Nd6 31. Be3 Kf7 32. Rh1
Rh8 33. Rdd1 Rxh1 34. Rxh1 Nf5 35. Bf2 a5 36. Rh7 Kg8 37. Rh3 Rb7 38. Kf1
Rf7 39. Ke2 Bf8 40. Be1 Bd6 41. Bd2 Kg7 42. Ke1 Bc5 43. Kd1 Rd7 44. Be2 Nd6
45. Bd3 Rb7 46. Rh6 Nf5 47. Rh3 a4 48. Ke2 Rb8 49. Bc1 d4 50. Bd2 Nd6 51.
Rh6 Nf5 52. Rh3 Ne7 53. Rh6 Rb6 54. Kf3 Nf5 55. Rh3 Nd6 56. Rh6 Nf5 57. Rh3
Nd6 58. Rh6 Nf5 1/2-1/2

[Event "14th ECC w"]
[Site "Ohrid MKD"]
[Date "2009.10.10"]
[Round "7"]
[White "Ovod,E"]
[Black "Benderac,A"]
[Result "1/2-1/2"]
[WhiteElo "2447"]
[BlackElo "2276"]
[EventDate "2009.10.04"]

1. Nf3 d6 2. d4 Bg4 3. e4 Nf6 4. h3 Bxf3 5. Qxf3 c6 6. Nd2 Nbd7 7. Be2 e5
8. c3 Be7 9. O-O O-O 10. Qd3 d5 11. dxe5 Nc5 12. Qc2 Nfxe4 13. b4 Nxd2 14.
Bxd2 Ne4 15. Be3 Qc7 16. Bd4 f6 17. exf6 Bxf6 18. Bxf6 Rxf6 19. Bd3 Qf4 20.
Bxe4 dxe4 21. Rae1 Re8 22. Re3 Rfe6 23. Rfe1 Kf7 24. a4 h5 25. Qe2 Qf5 26.
h4 g6 27. Rd1 R8e7 28. Qc4 Qg4 29. Rd4 Kg7 30. g3 Qf5 31. Kg2 Rf6 32. Rd2
Rfe6 33. Qd4+ Re5 34. Qxa7 g5 35. hxg5 Qxg5 36. Qd4 Kg6 37. Qd8 Qf5 38.
Qg8+ Kf6 39. Rd8 Rf7 40. Qh8+ Ke7 41. Re8+ Kd6 42. Qxe5+ Qxe5 43. Rxe5 Kxe5
44. f3 Rxf3 45. Rxf3 exf3+ 46. Kxf3 Kd5 47. b5 cxb5 48. axb5 Kc5 49. Kf4
Kxb5 50. Kg5 Kc4 51. Kxh5 Kxc3 52. g4 b5 53. g5 b4 54. g6 b3 55. g7 b2 56.
g8=Q b1=Q 1/2-1/2

[Event "14th ECC w"]
[Site "Ohrid MKD"]
[Date "2009.10.10"]
[Round "7"]
[White "Javakhishvili,L"]
[Black "Zawadzka,J"]
[Result "1/2-1/2"]
[WhiteElo "2472"]
[BlackElo "2414"]
[EventDate "2009.10.04"]

1. Nf3 Nf6 2. c4 g6 3. d4 Bg7 4. Nc3 d6 5. e4 O-O 6. Be2 e5 7. Be3 h6 8.
O-O Ng4 9. Bc1 Nc6 10. d5 Ne7 11. Ne1 f5 12. Bxg4 fxg4 13. Nc2 g5 14. f3
gxf3 15. Rxf3 Bd7 16. Ne3 Qe8 17. Rxf8+ Qxf8 18. Bd2 Qf7 19. Qe2 Ng6 20. g3
Bh3 21. Ncd1 Rf8 22. Nf2 Bd7 23. Rf1 Ne7 24. b4 Qg6 25. Rc1 c5 26. a4 b6
27. a5 Kh8 28. Ra1 Nc8 29. axb6 axb6 30. Ra8 Qf7 31. Be1 h5 32. Rb8 g4 33.
Rb7 Qe8 34. h3 gxh3 35. Kh2 h4 36. Nxh3 hxg3+ 37. Bxg3 cxb4 38. Nf5 Rxf5
39. exf5 Bxf5 40. Nf4 Bh6 41. Ne6 Kg8 42. Qf3 Bxe6 43. dxe6 Qxe6 44. Qe4
Bg7 45. Rb8 b3 46. Qc6 Kh7 47. Qb5 Qh6+ 48. Kg2 Qd2+ 49. Bf2 b2 50. Qb3
Qg5+ 51. Bg3 e4 52. Rxc8 Qd2+ 53. Kh3 Qd3 54. Qb5 Qf1+ 55. Kh2 Qe2+ 56. Kh3
Qf1+ 57. Kh2 Qe2+ 58. Kh3 Qf1+ 1/2-1/2

[Event "14th ECC w"]
[Site "Ohrid MKD"]
[Date "2009.10.10"]
[Round "7"]
[White "Szczepkowska Horowska,K"]
[Black "Lomineishvili,M"]
[Result "1/2-1/2"]
[WhiteElo "2321"]
[BlackElo "2378"]
[EventDate "2009.10.04"]

1. e4 c5 2. Nf3 d6 3. d4 cxd4 4. Nxd4 Nf6 5. Nc3 Nc6 6. Bg5 e6 7. Qd2 Qb6
8. O-O-O Qxd4 9. Qxd4 Nxd4 10. Rxd4 a6 11. f3 Be7 12. Bc4 b5 13. Bb3 Nd5
14. Nxd5 Bxg5+ 15. f4 Bd8 16. Nc3 Bb6 17. Rd3 Ke7 18. Re1 Bb7 19. f5 Rac8
20. e5 d5 21. Ne2 a5 22. a3 b4 23. Nf4 bxa3 24. bxa3 Bc5 25. a4 Ba6 26. Rf3
Bb4 27. Rd1 Bc4 28. Kb2 Rc6 29. fxe6 fxe6 30. Nd3 Rhc8 31. Nxb4 axb4 32.
Rd2 Bxb3 33. Kxb3 Rc4 34. Rdf2 Rc3+ 35. Kb2 Rxf3 36. Rxf3 Rc4 37. Kb3 h5
38. a5 g5 39. Rf6 Rc3+ 40. Kxb4 Rxc2 41. Rh6 Kf7 42. a6 Ra2 43. Kb5 h4 44.
Rf6+ Ke7 45. Rg6 Rb2+ 46. Kc5 Rc2+ 47. Kb4 Ra2 48. Rxg5 Rxa6 49. Rg7+ Kf8
50. Rg4 Ra2 51. Kc5 Ke7 52. Rg7+ Kf8 53. Rg4 Ke7 54. Rg7+ Kf8 55. Rh7 Ra5+
56. Kd6 Ra6+ 57. Kc5 Ra5+ 58. Kd6 Ra6+ 59. Kc5 1/2-1/2

[Event "14th ECC w"]
[Site "Ohrid MKD"]
[Date "2009.10.10"]
[Round "7"]
[White "Khukhashvili,S"]
[Black "Krupa,M"]
[Result "0-1"]
[WhiteElo "2451"]
[BlackElo "2219"]
[EventDate "2009.10.04"]

1. e4 c5 2. Nf3 Nc6 3. Nc3 Nf6 4. Bb5 g6 5. h3 Bg7 6. e5 Ng8 7. Bxc6 dxc6
8. d3 Nh6 9. g4 f6 10. Qe2 O-O 11. Bd2 Nf7 12. O-O-O a5 13. a4 fxe5 14.
Rhg1 Be6 15. Ng5 Nxg5 16. Bxg5 Qd4 17. Rgf1 Rf7 18. Be3 Qb4 19. Ne4 Bd5 20.
Ng5 Rff8 21. c4 Bf7 22. Ne4 Qxa4 23. Bxc5 b5 24. Bxe7 Rfb8 25. Bd6 bxc4 26.
Bxb8 Rxb8 27. Qc2 Qa1+ 28. Kd2 Qxb2 29. Rb1 Bh6+ 30. g5 Bxg5+ 31. Nxg5 c3+
32. Ke3 Qxc2 33. Rxb8+ Kg7 34. Ne4 Bd5 35. Rb7+ Kh6 36. Rbb1 Qa4 37. Nxc3
Qf4+ 38. Ke2 Bf3+ 39. Ke1 Qd4 40. Kd2 e4 41. Kc2 exd3+ 42. Kd2 c5 43. Rbe1
c4 44. Re3 Bc6 45. f4 Qb6 46. Rb1 Qc7 47. Re5 Qa7 48. Nd1 Qd4 49. Rxa5
Qxf4+ 50. Kc3 Bd7 51. h4 Bg4 52. Rc5 Bxd1 53. Rxd1 Qf2 54. Kb4 Qb2+ 55. Ka5
Qa3+ 56. Kb6 Qb3+ 0-1

[Event "14th ECC w"]
[Site "Ohrid MKD"]
[Date "2009.10.10"]
[Round "7"]
[White "Muzychuk,A"]
[Black "Danielian,E"]
[Result "0-1"]
[WhiteElo "2533"]
[BlackElo "2489"]
[EventDate "2009.10.04"]

1. e4 e6 2. d4 d5 3. Nc3 Nf6 4. Bg5 Be7 5. e5 Nfd7 6. Bxe7 Qxe7 7. f4 O-O
8. Nf3 c5 9. dxc5 Qxc5 10. Qd4 Nc6 11. Qxc5 Nxc5 12. O-O-O a6 13. Bd3 b5
14. Ne2 b4 15. Ned4 Nxd4 16. Nxd4 a5 17. h4 Ba6 18. h5 Bxd3 19. cxd3 f6 20.
exf6 gxf6 21. g4 Kf7 22. Rhg1 Ke7 23. Kd2 Kd7 24. Rc1 Rac8 25. Rc2 Nb7 26.
Rxc8 Rxc8 27. g5 fxg5 28. Rxg5 Re8 29. f5 exf5 30. Rxf5 Kd6 31. Rf7 Kc5 32.
Nf5 Nd8 33. d4+ Kb6 34. Rxh7 Rf8 35. Rh6+ Kb5 36. Nd6+ Ka4 37. Ke3 b3 38.
a3 Rf1 39. Rg6 Re1+ 40. Kf3 Ne6 41. h6 Rf1+ 42. Kg4 Nf8 43. Rg5 Rg1+ 44.
Kf5 Rh1 45. Kg4 Rg1+ 46. Kf5 Rh1 47. Rg8 Rxh6 48. Nb7 Rh2 49. Nc5+ Kb5 50.
Nxb3 Rxb2 51. Nxa5 Kxa5 52. Ke5 Nd7+ 53. Kd6 Nb6 54. Rg3 Rd2 55. Kc5 Rc2+
56. Kd6 Rc4 57. Rd3 Ka6 58. Ke5 Kb5 59. Rh3 Rc8 60. Kd6 Rd8+ 61. Ke7 Rd7+
62. Ke6 Kc6 63. Rh8 Rd6+ 64. Kf5 Kb5 65. Rh7 Rd7 66. Rh1 Re7 67. Rc1 Nc4
68. Rb1+ Kc6 69. a4 Re4 70. a5 Nxa5 71. Rc1+ Kd6 72. Ra1 Nc6 0-1

[Event "14th ECC w"]
[Site "Ohrid MKD"]
[Date "2009.10.10"]
[Round "7"]
[White "Harika,D"]
[Black "Iljushina,O"]
[Result "1/2-1/2"]
[WhiteElo "2474"]
[BlackElo "2364"]
[EventDate "2009.10.04"]

1. d4 Nf6 2. c4 e6 3. Nc3 Bb4 4. g3 O-O 5. Bg2 d6 6. Nf3 Nc6 7. O-O Bxc3 8.
bxc3 e5 9. Rb1 e4 10. Nd2 Re8 11. f3 exf3 12. exf3 Na5 13. Ne4 Nxc4 14.
Nxf6+ Qxf6 15. Qa4 1/2-1/2

[Event "14th ECC w"]
[Site "Ohrid MKD"]
[Date "2009.10.10"]
[Round "7"]
[White "Ushenina,A"]
[Black "Khurtsidze,N"]
[Result "1-0"]
[WhiteElo "2448"]
[BlackElo "2420"]
[EventDate "2009.10.04"]

1. d4 Nf6 2. c4 e6 3. Nf3 d5 4. g3 Bb4+ 5. Nc3 dxc4 6. Bg2 Nc6 7. O-O Rb8
8. Qc2 Be7 9. Qa4 O-O 10. Qxc4 Na5 11. Qa4 b6 12. Rd1 Bb7 13. Qc2 Qe8 14.
e4 Rd8 15. Nh4 Nc6 16. Qa4 a6 17. e5 b5 18. Qb3 Na5 19. Qc2 Nd5 20. Ne4 Nb4
21. Qe2 Bxe4 22. Bxe4 c5 23. dxc5 Rxd1+ 24. Qxd1 Qb8 25. Qe1 Bxc5 26. Bd2
Nac6 27. Nf3 Qb6 28. a3 Nd5 29. b4 Be7 30. Rc1 Rd8 31. Bb1 g6 32. Qe4 a5
33. bxa5 Nxa5 34. Ba2 Bxa3 35. Rf1 Be7 36. Ng5 h6 37. Nf3 Kg7 38. h4 h5 39.
Bg5 Nc3 40. Bf6+ Bxf6 41. exf6+ Kg8 42. Qc2 b4 43. Bb1 Nc4 44. Ba2 Qc6 45.
Bxc4 Qxc4 46. Kg2 Qc6 47. Re1 Rd5 48. Kh2 Qc5 49. Ra1 Rd8 50. Kg2 Qd5 51.
Qb2 Rb8 52. Ra7 e5 53. Re7 e4 54. Ng5 e3+ 55. Kh2 e2 56. Qxb4 Nb5 57. Nxf7
Qd4 58. Nh6+ Kh8 59. Rh7+ 1-0

[Event "14th ECC w"]
[Site "Ohrid MKD"]
[Date "2009.10.10"]
[Round "7"]
[White "Galojan,L"]
[Black "Paehtz,E"]
[Result "0-1"]
[WhiteElo "2326"]
[BlackElo "2482"]
[EventDate "2009.10.04"]

1. Nf3 g6 2. d4 Bg7 3. c4 Nf6 4. g3 O-O 5. Bg2 d5 6. O-O dxc4 7. Na3 Nc6 8.
Nxc4 Be6 9. Nce5 Bd5 10. Nxc6 Bxc6 11. Bf4 Bd5 12. Be5 c6 13. Re1 Qb6 14.
Qc1 Rfe8 15. Nd2 Bxg2 16. Kxg2 Bh6 17. Bxf6 exf6 18. e3 Rad8 19. Nb3 Rd5
20. Qc4 f5 21. Nc5 Bg7 22. b4 h5 23. h4 Bf6 24. a4 Kg7 25. Rad1 a6 26. f3
Red8 27. Rd3 Qc7 28. Red1 Re8 29. a5 Rdd8 30. e4 Be7 31. d5 Bxc5 32. bxc5
fxe4 33. fxe4 cxd5 34. exd5 Re2+ 35. Kf3 Rde8 36. Qd4+ Kg8 37. R1d2 Qc8 38.
d6 Qh3 39. Rxe2 Qf5+ 40. Qf4 Qxd3+ 41. Re3 Qf1+ 0-1

[Event "14th ECC w"]
[Site "Ohrid MKD"]
[Date "2009.10.10"]
[Round "7"]
[White "Kosteniuk,A"]
[Black "Gaponenko,I"]
[Result "1-0"]
[WhiteElo "2516"]
[BlackElo "2438"]
[EventDate "2009.10.04"]

1. e4 c5 2. Nf3 d6 3. d4 cxd4 4. Nxd4 Nf6 5. Nc3 g6 6. Be3 Bg7 7. f3 O-O 8.
Qd2 Nc6 9. O-O-O d5 10. Kb1 Rb8 11. Ndb5 a6 12. Na7 e6 13. g4 Qc7 14. g5 d4
15. Bf4 e5 16. gxf6 dxc3 17. Qxc3 Bxf6 18. Nxc6 bxc6 19. Be3 Be7 20. a3 a5
21. Bc4 Bh3 22. Bh6 Rfe8 23. f4 Qb6 24. f5 Qc5 25. Rd7 Bg2 26. Bxf7+ Kh8
27. f6 Rxb2+ 28. Kxb2 Rb8+ 29. Ka2 1-0

[Event "14th ECC w"]
[Site "Ohrid MKD"]
[Date "2009.10.10"]
[Round "7"]
[White "Bojkovic,N"]
[Black "Cramling,P"]
[Result "1/2-1/2"]
[WhiteElo "2429"]
[BlackElo "2535"]
[EventDate "2009.10.04"]

1. e4 c5 2. Nf3 Nc6 3. c3 Nf6 4. e5 Nd5 5. d4 cxd4 6. Bc4 Nb6 7. Bb3 g6 8.
cxd4 Bg7 9. Bf4 d6 10. exd6 O-O 11. h3 exd6 12. O-O Bf5 13. Nc3 d5 14. Re1
Rc8 15. Bg5 f6 16. Bf4 g5 17. Bg3 Rf7 18. Na4 Nxa4 19. Bxa4 a6 20. Rc1 b5
21. Bc2 Bxc2 22. Rxc2 Qd7 23. Qd2 Rff8 24. Rec1 Rfe8 25. Rc3 Bf8 26. a3 b4
27. Re3 Rxe3 28. Qxe3 bxa3 29. bxa3 Ne7 30. Re1 Nc6 31. Qb3 1/2-1/2

[Event "14th ECC w"]
[Site "Ohrid MKD"]
[Date "2009.10.10"]
[Round "7"]
[White "Socko,M"]
[Black "Vasilevich,T"]
[Result "1/2-1/2"]
[WhiteElo "2476"]
[BlackElo "2423"]
[EventDate "2009.10.04"]

1. e4 c5 2. Nf3 a6 3. Nc3 e6 4. d4 cxd4 5. Nxd4 Qc7 6. Be2 b5 7. O-O Nc6 8.
Nxc6 dxc6 9. f4 c5 10. e5 Bb7 11. Bf3 Ne7 12. Qe2 c4 13. Be3 Nf5 14. Bf2
Bc5 15. Ne4 Bxf2+ 16. Qxf2 O-O 17. a4 Bd5 18. axb5 axb5 19. Rxa8 Rxa8 20.
Nc3 Bxf3 21. Nxb5 Qd7 22. Qxf3 Rb8 23. Na3 Qd4+ 24. Qf2 Qxb2 25. Nxc4 Qc3
26. Qa7 Rf8 27. Nd6 Qxc2 28. Nxf5 1/2-1/2

[Event "14th ECC w"]
[Site "Ohrid MKD"]
[Date "2009.10.10"]
[Round "7"]
[White "Stojanovic,Andj"]
[Black "Skripchenko,A"]
[Result "0-1"]
[WhiteElo "2323"]
[BlackElo "2448"]
[EventDate "2009.10.04"]

1. Nf3 d6 2. d4 g6 3. g3 Bg7 4. Bg2 Nd7 5. O-O e5 6. dxe5 dxe5 7. c4 Ne7 8.
Nc3 O-O 9. e4 Nc6 10. Bg5 Bf6 11. Bxf6 Nxf6 12. Qxd8 Rxd8 13. Nd5 Ne8 14.
h3 a5 15. Rfd1 Be6 16. g4 Kg7 17. b3 Rd7 18. Bf1 Rad8 19. a3 Nd6 20. Re1 f6
21. Rab1 Nf7 22. b4 axb4 23. axb4 Ng5 24. Nd2 Nd4 25. Kg2 Bf7 26. h4 Nge6
27. Kg3 c6 28. Nb6 Re7 29. c5 Nf4 30. Ndc4 Bxc4 31. Bxc4 h5 32. f3 Rh8 33.
Rh1 Rd8 34. Rb2 Nde6 35. Ra2 Rd4 36. Rhh2 hxg4 37. fxg4 Rxe4 38. Bxe6 Nxe6
39. h5 Rxb4 40. hxg6 Kxg6 41. Nc8 Rb3+ 42. Kf2 Rh7 0-1

[Event "14th ECC w"]
[Site "Ohrid MKD"]
[Date "2009.10.10"]
[Round "7"]
[White "Steil Antoni,F"]
[Black "Peptan,C"]
[Result "0-1"]
[WhiteElo "2152"]
[BlackElo "2387"]
[EventDate "2009.10.04"]

1. e4 c5 2. c3 Nf6 3. e5 Nd5 4. d4 cxd4 5. cxd4 e6 6. Bc4 d6 7. Nf3 Nb6 8.
Bb3 Nc6 9. O-O Be7 10. a3 dxe5 11. dxe5 Qxd1 12. Rxd1 Bd7 13. Nc3 Rc8 14.
Ne4 Na5 15. Ba2 Bc6 16. Nd6+ Bxd6 17. exd6 Bxf3 18. gxf3 Kd7 19. Be3 Nac4
20. Bxc4 Rxc4 21. Rd3 Rd8 22. Rad1 Nc8 23. Rd4 Rxd4 24. Rxd4 e5 25. Ra4 a6
26. f4 Kxd6 27. fxe5+ Kxe5 28. Kg2 Ne7 29. Rc4 Nc6 30. b4 g6 31. a4 Rd5 32.
Bc5 Ke6 33. Re4+ Re5 34. Rh4 h5 35. Rc4 Rg5+ 36. Kf1 Rg4 37. Rxg4 hxg4 38.
b5 axb5 39. axb5 Ne5 40. Kg2 Kd5 41. Be7 Ke4 42. Kg3 f5 43. Bg5 Nf3 44. Bd8
Nd4 45. b6 Ne6 46. Be7 Kd5 47. f3 gxf3 48. Kxf3 Kc6 49. h4 Kxb6 50. h5 gxh5
51. Kg3 Kc6 52. Kh4 Kd5 0-1

[Event "14th ECC w"]
[Site "Ohrid MKD"]
[Date "2009.10.10"]
[Round "7"]
[White "Motoc,A"]
[Black "Henrichs,W"]
[Result "1-0"]
[WhiteElo "2316"]
[BlackElo "2034"]
[EventDate "2009.10.04"]

1. d4 Nf6 2. c4 g6 3. Nc3 Bg7 4. e4 d6 5. h3 O-O 6. Bg5 c5 7. d5 b5 8. cxb5
a6 9. bxa6 Qa5 10. Bd2 Bxa6 11. Be2 Bxe2 12. Ngxe2 Nbd7 13. O-O Rfb8 14.
Qc2 Nb6 15. b3 Nbd7 16. Rab1 Qa6 17. a4 Rb4 18. Nb5 Rxe4 19. Nec3 Re5 20.
Nc7 Qb7 21. Nxa8 Qxa8 22. Rfe1 Nxd5 23. Nxd5 Qxd5 24. a5 e6 25. b4 cxb4 26.
Qc8+ Nf8 27. Rxe5 Qxe5 28. a6 b3 29. a7 1-0

[Event "14th ECC w"]
[Site "Ohrid MKD"]
[Date "2009.10.10"]
[Round "7"]
[White "Weigel,M"]
[Black "Paulet,I"]
[Result "0-1"]
[WhiteElo "1857"]
[BlackElo "2342"]
[EventDate "2009.10.04"]

1. d4 Nf6 2. g3 d5 3. Bg2 Bf5 4. Nf3 c6 5. O-O e6 6. c4 Nbd7 7. Nc3 dxc4 8.
Nh4 Bg4 9. Qc2 Be7 10. e4 O-O 11. Nf3 h6 12. Be3 b5 13. Nd2 b4 14. Na4 Be2
15. Rfc1 Qa5 16. Bf1 Bxf1 17. Rxf1 Ng4 18. Nxc4 Qh5 19. f3 Nxe3 20. Nxe3 c5
21. d5 Bf6 22. dxe6 fxe6 23. Kg2 Bd4 24. Qc4 Bxe3 25. Qxe6+ Qf7 0-1